Central Library OPAC University of Rajshahi

Probability theory for statistical methods / (Record no. 8469)

MARC details
000 -LEADER
fixed length control field 00679cam a22002291 4500
001 - CONTROL NUMBER
control field 8469
003 - CONTROL NUMBER IDENTIFIER
rucl marc code BD-RjUL
005 - DATE AND TIME OF LATEST TRANSACTION
control field 20211208234608.0
008 - FIXED-LENGTH DATA ELEMENTS--GENERAL INFORMATION
fixed length control field 140118r19511949enka 001 0 eng
035 ## - SYSTEM CONTROL NUMBER
System control number (BD-RjUL)8514
040 ## - CATALOGING SOURCE
Original cataloging agency DLC/ICU
Transcribing agency ICU
Modifying agency BD-RjUL
Language of cataloging eng
041 ## - LANGUAGE CODE
Language code of text/sound track or separate title eng
082 00 - DEWEY DECIMAL CLASSIFICATION NUMBER
Classification number 519
Author mark and year DAP 1951
Edition number 23
100 1# - MAIN ENTRY--PERSONAL NAME
Personal name David, F. N.
Fuller form of name (Florence Nightingale),
Dates associated with a name 1909-1993.
9 (RLIN) 25518
245 10 - TITLE STATEMENT
Title Probability theory for statistical methods /
Statement of responsibility, etc. F. N. David
260 ## - PUBLICATION, DISTRIBUTION, ETC. (IMPRINT)
Place of publication, distribution, etc. Cambridge :
Name of publisher, distributor, etc. University Press,
Date of publication, distribution, etc. 1949 [reprint 1951].
300 ## - PHYSICAL DESCRIPTION
Pagination ix, 230 p. :
Illustrations ill. :
Size 22 cm.
500 ## - GENERAL NOTE
General note Includes index.
650 #0 - SUBJECT ADDED ENTRY--TOPICAL TERM
Topical term or geographic name as entry element Probabilities.
9 (RLIN) 26372
942 ## - ADDED ENTRY ELEMENTS (KOHA)
Source of classification or shelving scheme Dewey Decimal Classification
Koha item type Books
Holdings
Lost status Source of classification or shelving scheme Damaged status Not for loan Collection code Permanent Location Current Location Shelving location Date acquired Source of acquisition Cost, normal purchase price Total Checkouts Full call number Date last seen Copy number Koha item type
  Dewey Decimal Classification     Non-fiction Central Library, University of Rajshahi Central Library, University of Rajshahi   20/11/2065 Zeitlinger 25.00   519 DAP 1951 18/01/2014 C-2 Books
  Dewey Decimal Classification     Non-fiction Central Library, University of Rajshahi Central Library, University of Rajshahi   20/11/1965 Zeit 25.00   519 DAP 1951 31/08/2016 C-4 Books
  Dewey Decimal Classification     Non-fiction Central Library, University of Rajshahi Central Library, University of Rajshahi   20/11/1965 Zeit 25.00   519 DAP 1951 31/08/2016 C-3 Books
  Dewey Decimal Classification     Non-fiction Central Library, University of Rajshahi Central Library, University of Rajshahi   16/01/1965 Zeitlinger 25.00   519 DAP 1951 31/08/2016 C-5 Books
  Dewey Decimal Classification     Non-fiction Central Library, University of Rajshahi Central Library, University of Rajshahi   16/01/1965 Zeitlinger 25.00   519 DAP 1951 31/08/2016 C-6 Books
  Dewey Decimal Classification     Non-fiction Central Library, University of Rajshahi Central Library, University of Rajshahi   25/11/1965 Zeit 25.00   519 DAP 1951 31/08/2016 C-7 Books
  Dewey Decimal Classification     Non-fiction Central Library, University of Rajshahi Central Library, University of Rajshahi   13/09/1967 Sweets and Zeithlinger 25.00   519 DAP 1951 31/08/2016 C-8 Books
  Dewey Decimal Classification     Non-fiction Central Library, University of Rajshahi Central Library, University of Rajshahi   13/09/1967 Zeitlinger 25.00   519 DAP 1951 31/08/2016 C-9 Books
  Dewey Decimal Classification     Non-fiction Central Library, University of Rajshahi Central Library, University of Rajshahi   13/09/1967 Zeitlinger 25.00   519 DAP 1951 31/08/2016 C-10 Books
  Dewey Decimal Classification   Not For Loan Non-fiction Central Library, University of Rajshahi Central Library, University of Rajshahi Reading Room 13/09/1967 Zeitlinger 25.00   519 DAP 1951 31/08/2016 C-1 Books